More movie antonyms - Statistics

General Stats
  • This quiz has been taken 11 times
  • The average score is 4 of 15
Answer Stats
Hint Answer % Correct
Outside Inside
100%
Boy, continued Girl, Interrupted
60%
The Undergrad The Graduate
60%
Soundly modest europeans Crazy rich asians
50%
Big mister moonshine Little miss sunshine
50%
Meryl of the living Shaun of the dead
30%
And I'm a Quarterback But I'm a Cheerleader
20%
Sound asleep in San Diego Sleepless in Seattle
20%
The Girls in the Movie The boys in the band
20%
Alive listener individuals Dead poets society
10%
Peace separation Fight Club
10%
Sire fish Lady Bird
0%
Substance reality Pulp Fiction
0%
The German collection The French dispatch
0%
the death shore with John Smith The life aquatic with Steve Zissou
0%
No matching quizzes found
Score Distribution
Percent of People with Each Score
Percentile by Number Answered
Your Score History
You have not taken this quiz